Les 10 Événements Sportifs les plus Regardés au Monde - Statistiques

Statistiques générales
  • Ce quiz a été pris 1 746 fois
  • Le résultat moyen est 4 sur 10
Statistiques - réponses
Classement Téléspectateurs Sport % Correct
1er 4 milliards Jeux Olympiques d'Été
73%
2ème 3,3 milliards Coupe du Monde de Football Masculin
68%
7ème 500 millions Super Bowl
63%
4ème 1,9 milliards Jeux Olympiques d'Hiver
48%
5ème 1,9 milliards Euro de Football Masculin
46%
9ème 380 millions Ligue des Champions
40%
8ème 480 millions Coupe du Monde de Rugby
33%
10ème 100 millions Grand Prix de Formule 1
17%
6ème 1,1 milliards Coupe du Monde de Football Féminine
13%
3ème 2,6 milliards Coupe du Monde de Cricket
11%
Aucun quiz correspondant
Distribution des résultats
% des personnes avec chaque résultat
Percentile par nombre de réponses
Votre historique - résultats
Vous n’avez pas pris ce quiz